LEADER 00989nam1 2200361 450 001 990006080970203316 005 20151002093059.0 035 $a000608097 035 $aUSA01000608097 035 $a(ALEPH)000608097USA01 035 $a000608097 100 $a20151002d2015----km-y0itay50------ba 101 0 $aita 102 $aIT 105 $ay|||||||001yy 200 1 $a<> nichilismo europeo$fPier Paolo Ottonello 205 $a2. ed 210 $aVenezia$cMarsilio$d2015- 215 $avolumi$d22 cm 225 2 $aRicerche 410 0$12001$aRicerche 463 \1$1001990006081010203316$12001 $a<> Saggi introduttivi 606 0 $aNichilismo$2BNCF 676 $a149.8 700 1$aOTTONELLO,$bPier Paolo$0202684 801 0$aIT$bsalbc$gISBD 912 $a990006080970203316 951 $aII.1.D. 6274/$bL.M.$cII.1. 959 $aBK 969 $aUMA 979 $aANNAMARIA$b90$c20151002$lUSA01$h0931 996 $aNichilismo europeo$91382235 997 $aUNISA LEADER 01222nam0-22003611i-450- 001 990006945710403321 005 20150312132829.0 035 $a000694571 035 $aFED01000694571 035 $a(Aleph)000694571FED01 035 $a000694571 100 $a20010904d1959----km-y0itay50------ba 101 0 $afre 102 $aFR 105 $ay-------001yy 200 1 $aAntioche païenne et chretienne$eLibanius, Chrysostome et les moines de Syrie$fA.J. Festugière$gavec un commentaire archéologique sur l'Antiochikos (196 ss.) par Roland Martin 210 $aParis$cE. de Boccard$d1959 215 $a540 p.$d24 cm 225 1 $aBibliothèque des Écoles françaises d'Athènes et de Rome$v194 610 0 $aAntochia (Turchia)$aCondizioni sociali$aSec. 5.-6. 676 $a939.43 676 $a340.54$v20$zita 700 1$aFestugière,$bAndré-Jean$f<1898-1982>$0307437 702 1$aMartin,$bRoland$f<1912-1997> 801 0$aIT$bUNINA$gRICA$2UNIMARC 901 $aBK 912 $a990006945710403321 952 $aCOLLEZIONE 135 (194)$b60003$fFGBC 952 $a939.43 FES 1$bBibl. 33318$fFLFBC 959 $aFGBC 959 $aFLFBC 996 $aAntioche païenne et chretienne$9701594 997 $aUNINA